Statistics for Cities in Iran With Over 1 Million People

Click here to take the quiz!

General Stats

  • This quiz has been taken 28 times
  • The average score is 4 of 6

Answer Stats

PopulationCity% Correct
7,153,309Tehran
100%
1,547,164Isfahan
80%
2,307,177Mashhad
75%
1,249,942Shiraz
70%
1,448,075Karaj
35%
1,424,641Tabiz
5%

Score Distribution

Percentile by Number Answered

Percent of People with Each Score

Your Score History

You have not taken this quiz